| 000 | 00716cam a22001935a 4500 | ||
|---|---|---|---|
| 001 | L157645 | ||
| 008 | 130220s1861 xxk f 000 0 eng d | ||
| 035 | _a(Sirsi) u157645 | ||
| 041 | 0 | _aeng | |
| 100 | 1 | _aEve, W. | |
| 245 | 0 | 0 |
_aTerrier to the plan of the parish of Reigate, in the county of Surrey _b1860-61 |
| 260 | _c[1861] | ||
| 300 |
_a1v. _c35cm. |
||
| 520 | _aCover title: Reigate Parish. 1860-61. W. Eve, Surveyor, Union Court, Old Broad St., E.C. Shewing system of numerical index invented by W. Eve & on his introduction adopted at the Tithe Office. | ||
| 583 |
_aCondition reviewed _c20120620 _lcondition level 4 |
||
| 651 | 4 |
_aGreat Britain _y1707- |
|
| 690 | _aFinance and taxation | ||
| 942 | _n0 | ||
| 999 |
_c114892 _d114892 |
||